000 00451cam a2200181ua 4500
020 _c35.00
041 _aeng
_h
082 _a630.30
_bBAN/AG
100 _aBansil, P C .
245 _aAgricultural problems of India /
_cP C Bansil.
_hTextual Documents
250 _a /
_b.
260 _aNew Delhi :
_bOxford & IBH Publishing company ,
_c1981.
300 _a524 ; .
365 _a35.00
504 _a
942 _cBK
999 _c3330
_d3330